Derecho del trabajo

Detalles Bibliográficos
Autor principal: Přez, Benito
Formato: eBook
Lenguaje:español
Publicado: [Buenos Aires] : Editorial Astrea de Alfredo y Ricardo Depalma, 1983.
Materias:
Acceso en línea:Acceso restringido

MARC

LEADER 00000nam a22000007a 4500
005 20110916131550.0
008 110916s1983 ag ||||s|||| 00| 0 spa d
035 |a 2057 
040 |a vLex 
090 |c 2479  |d 2479 
100 1 |a Přez, Benito 
245 1 0 |a Derecho del trabajo   |h [Recurso electrn̤ico] /  |c Benito Přez 
256 |a Servicio en ln̕ea. 
260 |a [Buenos Aires] :  |b Editorial Astrea de Alfredo y Ricardo Depalma,  |c 1983. 
300 |a 1 recurso electrn̤ico 
506 1 |a Contenido solo disponible en los productos indicados  |d vLex Global  |d vLex Global (Academic Edition, excluding Law Schools)  |d vLex Global (U.S. Academic Edition, Law Schools)  |d vLex Global (U.S. Academic Edition, excluding Law Schools)  |d vLex Global (Academic Edition, Law Schools) 
650 0 4 |a Derecho del trabajo  |z Argentina 
740 0 |a vLex Libros (Servicio en ln̕ea) 
856 4 0 |u http://vlex.com/source/derecho-trabajo-2057  |z Acceso restringido 
942 |c BOOK